000 006200000a22001810004500
003 MACL
005 20160601160314.0
008 160601b xxu||||| |||| 00| 0 eng d
040 _aMACL
_cMACL
041 _aHindi
082 _a920
100 _aडॉ मिलन, रमेश गुप्‍त
_961441
245 _aशक्तिपुंज इंदिरा गांधी
_cडॉ रमेश गुप्‍त मिलन
260 _bदेवेन्‍द्र प्रकाशन
_c2011
_aदिल्‍ली
350 _a500
650 _aBiography
_961442
942 _cHIN
_k920/GUP
_2ddc
999 _c45882
_d45882